África Pintoresca. Región de los grandes lagos. El Congo. Exploraciones realizadas en el oeste de África por Saborgnan de Brazza.

Wedi'i Gadw mewn:
Manylion Llyfryddiaeth
Prif Awdur: Giraud, Víctor (autor)
Fformat: Llyfr
Cyhoeddwyd: Barcelona, España: Montaner y Simón, Editores, 1888.
Rhifyn:Edición espléndidamente ilustrada.
Pynciau:
Tagiau: Ychwanegu Tag
Dim Tagiau, Byddwch y cyntaf i dagio'r cofnod hwn!

MARC

LEADER 00000nam a22000007a 4500
003 CL-VaPUC
005 20230118140148.0
008 221221t1888 ||||| |||| 00| 0 eng d
999 |c 439799  |d 439797 
040 |c Pontificia Universidad Católica de Valparaíso 
082 0 4 |2 22  |a 967 GIR 1888 
100 1 |a Giraud, Víctor  |e autor  |9 879515 
245 1 0 |a África Pintoresca. Región de los grandes lagos. El Congo.  |b Exploraciones realizadas en el oeste de África por Saborgnan de Brazza. 
250 |a Edición espléndidamente ilustrada. 
260 |a Barcelona, España:  |b Montaner y Simón, Editores,   |c 1888. 
300 |a 355 páginas; ilustraciones. 
500 |a c.BUD. Donación Bib. Budge 
583 |c 20221221  |k Catalogador Asistente 
600 0 |a Brazza, Pierre Savorgnan de  |d 1852-1905  |x Exploraciones   |9 879724 
651 |a África Central   |x Descripciones y viajes  |z Siglo 19  |9 879725 
651 |a Congo  |x Descubrimientos y exploraciones  |y Siglo 19  |9 879726 
942 |2 ddc  |c BK 
952 |0 0  |1 0  |2 ddc  |4 0  |6 967_000000000000000_GIR_1888  |7 0  |8 X  |9 588423  |a FDOBUD  |b FDOBUD  |c REST  |d 2022-12-21  |e Donación  |i 5656221  |o 967 GIR 1888  |p 5656221  |r 2022-12-21  |w 2022-12-21  |y BK_X  |k BUD